| 000 | 00473nam a2200181Ia 4500 | ||
|---|---|---|---|
| 001 | 20151 | ||
| 003 | GE_BSU | ||
| 008 | 181216s||||||||xx |||||||||||||| ||und|| | ||
| 040 | _cGE_BSU | ||
| 245 | _aParis Match, du23 fevrier AU 1 mars. №3536. 2017 | ||
| 260 | _aParis | ||
| 260 | _c2017 | ||
| 300 | _a114p. 30cm. | ||
| 653 | _aParis Match, du23 fevrier AU 1 mars. №3536. 2017 | ||
| 653 | _aПериодика | ||
| 653 | _aპერიოდიკა | ||
| 942 | _cCR | ||
| 999 |
_c53112 _d53112 |
||